[Event "6th CHN w Masters 2017"]
[Site "masterchessopen.com Wuxi CHN"]
[Date "2017.05.31"]
[Round "5.2"]
[White "Yuan,Ye"]
[Black "Zhou,Zirun"]
[Result "0-1"]
[WhiteElo "2317"]
[BlackElo "1984"]

1.d4 Nf6 2.c4 g6 3.Nf3 Bg7 4.g3 O-O 5.Bg2 d6 6.Nc3 Nc6 7.O-O a6 8.Bf4 Rb8
9.Rc1 Bd7 10.Qd2 b5 11.Nd5 Ne4 12.Qc2 f5 13.cxb5 axb5 14.Nc3 Nxd4 15.Nxd4 Bxd4
16.Nxe4 fxe4 17.Bxe4 Bh3 18.Bg2 Bxg2 19.Kxg2 c5 20.Bh6 Rf7 21.h4 Qc8 22.e3 Bf6
23.Qe2 b4 24.b3 Ra8 25.Rc2 Qa6 26.Qd1 Qc6+ 27.f3 e6 28.Rh1 Rfa7 29.Qe2 Qa6
30.Qd1 Qc6 31.Qe2 Ra5 32.Rf1 Qa6 33.Rf2 Qxe2 34.Rfxe2 d5 35.Kh3 Bc3 36.f4 Kf7
37.Rh2 d4 38.exd4 cxd4 39.Kg4 d3 40.Rcg2 Rd5 41.f5 gxf5+ 42.Kf3 e5 43.Bc1 e4+
44.Ke3 h5 45.Kf4 Kg6 46.Ke3 d2 47.Rxd2 Bxd2+ 48.Rxd2 Rxd2 49.Bxd2 Rxa2 50.Bxb4
Rb2 51.Kd4 {#R} 0-1

[Event "10th KIIT Elite Open 2017"]
[Site "masterchessopen.com Bhubaneswar IND"]
[Date "2017.05.31"]
[Round "8.24"]
[White "Mitrabha,G"]
[Black "Soham,Datar"]
[Result "1-0"]
[WhiteElo "2299"]
[BlackElo "2030"]

1.d4 g6 2.g3 Bg7 3.Nf3 Nf6 4.Bg2 O-O 5.O-O d6 6.c4 Nc6 7.Nc3 a6 8.Qd3 Bd7 9.d5
Nb4 10.Qd1 a5 11.Be3 c6 12.h3 Na6 13.Bd4 Nc5 14.Re1 cxd5 15.Nxd5 Nxd5 16.cxd5
b5 17.h4 h5 18.Bxg7 Kxg7 19.Qd4+ f6 20.e4 Rc8 21.Qe3 b4 22.Nd4 a4 23.f4 e5
24.dxe6 Nxe6 25.Rad1 a3 26.bxa3 Rc3 27.Qf2 Nxd4 28.Rxd4 bxa3 29.Rxd6 Qc7
30.Qd4 Rf7 31.e5 Rxg3 32.exf6+ Kg8 33.Qd5 Qa7+ 34.Kf1 Bh3 35.Rd8+ Kh7 36.Qxf7+
Qxf7 37.Re7 Be6 38.Bd5 Bxd5 39.Rxd5 Kg8 40.Rd8+ Qf8 41.Rg7+ Kh8 42.Rxf8# 1-0

[Event "10th KIIT Elite Open 2017"]
[Site "masterchessopen.com Bhubaneswar IND"]
[Date "2017.05.30"]
[Round "7.11"]
[White "Khusenkhojaev,Muhammad"]
[Black "Kaustuv,K"]
[Result "1-0"]
[WhiteElo "2433"]
[BlackElo "2274"]

1.Nf3 Nf6 2.c4 g6 3.g3 Bg7 4.Bg2 O-O 5.O-O d6 6.d4 Nc6 7.Nc3 a6 8.Bf4 Rb8
9.Rc1 h6 10.h3 Na5 11.Nd5 b5 12.Nxf6+ exf6 13.cxb5 axb5 14.b3 g5 15.Bd2 c6
16.Ne1 Bd7 17.Nd3 Qb6 18.e3 Rfc8 19.Nb4 f5 20.Qf3 Qa7 21.Bc3 d5 22.Rc2 Nb7
23.Rfc1 Nd6 24.Be1 Qb6 25.Nd3 Ne4 26.Bb4 Ra8 27.Qd1 Qb8 28.Be1 Re8 29.Nb4 f4
30.gxf4 gxf4 31.Nxc6 Qd6 32.Qf3 fxe3 33.fxe3 Ng5 34.Qxd5 Nxh3+ 35.Kh1 Qxd5
36.Bxd5 Rxe3 37.Ne7+ Rxe7 38.Bxa8 Bxd4 39.Bb4 Re5 40.Rd1 Bf5 41.Rg2+ {#r} 1-0

[Event "ch-POR Rapid 2017"]
[Site "masterchessopen.com Mirandela POR"]
[Date "2017.06.03"]
[Round "5.4"]
[White "Pereira,Ant2"]
[Black "Oliveira,Maria Alice Ramos Ma"]
[Result "0-1"]
[WhiteElo "2139"]
[BlackElo "1561"]

1.Nf3 Nf6 2.g3 g6 3.Bg2 Bg7 4.c4 d6 5.O-O O-O 6.Nc3 Nbd7 7.d4 e5 8.Qc2 Re8
9.Rd1 h6 10.b3 exd4 11.Nxd4 Ne5 12.Bb2 Rb8 13.c5 Qe7 14.cxd6 cxd6 15.Ndb5 a6
16.Nxd6 Rd8 17.Nxc8 Rdxc8 18.Rac1 b5 19.Nd5 Nxd5 20.Qxc8+ Rxc8 21.Rxc8+ Kh7
22.Bxd5 Nf3+ 23.Bxf3 Bxb2 24.Rb8 h5 25.Rb7 Qf6 26.Rdd7 Kg7 27.h4 Bd4 {#R} 0-1

[Event "10th KIIT Elite Open 2017"]
[Site "masterchessopen.com Bhubaneswar IND"]
[Date "2017.05.31"]
[Round "8.23"]
[White "Raahul,V S"]
[Black "Dixit,Nikhil"]
[Result "0-1"]
[WhiteElo "2311"]
[BlackElo "2101"]

1.c4 g6 2.Nc3 Bg7 3.Nf3 Nf6 4.g3 O-O 5.Bg2 d6 6.d4 Nbd7 7.O-O a6 8.Qc2 c5 9.b3
Rb8 10.Bb2 Qa5 11.Rfd1 b5 12.cxb5 axb5 13.dxc5 Nxc5 14.Nd4 Bd7 15.a3 b4
16.axb4 Qxb4 17.Ba3 Qb6 18.b4 Ne6 19.e3 Rfc8 20.Nde2 Ng5 21.Rac1 Nh3+ 22.Bxh3
Bxh3 23.Qd3 Qb7 24.e4 Qa7 25.Nb5 Qa6 26.Rxc8+ Rxc8 27.f3 Qb6+ 28.Kh1 Qf2
29.Nf4 Rc2 30.Qxc2 Qxc2 31.Rc1 Qa4 {#R} 0-1

[Event "10th Mayors Cup Open 2017"]
[Site "masterchessopen.com Mumbai IND"]
[Date "2017.06.04"]
[Round "1.21"]
[White "Iniyan,P"]
[Black "Isha,Sharma"]
[Result "1-0"]
[WhiteElo "2392"]
[BlackElo "2084"]

1.d4 Nf6 2.c4 g6 3.Nc3 Bg7 4.e4 O-O 5.f3 Nc6 6.Nge2 e5 7.Be3 exd4 8.Nxd4 Ne5
9.Qd2 d6 10.O-O-O Bd7 11.Be2 a6 12.Kb1 Re8 13.g4 Qc8 14.h3 Be6 15.b3 Nc6 16.f4
Bd7 17.Bf3 Nxd4 18.Bxd4 Bc6 19.Qb2 Nd7 20.Bxg7 Kxg7 21.Nd5+ Kg8 22.h4 Bxd5
23.cxd5 Qd8 24.g5 Re7 25.h5 Qf8 26.hxg6 fxg6 27.Bg4 Qxf4 28.Be6+ Rxe6 29.dxe6
Nc5 30.Ka1 Qxe4 31.Rde1 Qd5 32.Rd1 Qe4 33.Qh2 Qe5+ 34.Qxe5 dxe5 35.e7 Ne6
36.Rd7 Re8 37.Rf1 Kg7 38.Kb2 e4 39.Kc3 e3 40.Rf3 e2 41.Kd2 b5 42.Kxe2 c5
43.Ke3 Nxg5 44.Rf8 Rxf8 45.e8=Q+ {#r} 1-0

[Event "10th Mayors Cup Open 2017"]
[Site "masterchessopen.com Mumbai IND"]
[Date "2017.06.04"]
[Round "1.25"]
[White "Navalgund,N"]
[Black "Sanjeev,K"]
[Result "1-0"]
[WhiteElo "2351"]
[BlackElo "2076"]

1.d4 Nf6 2.c4 g6 3.Nc3 Bg7 4.e4 d6 5.Bd3 O-O 6.Nge2 c5 7.d5 e6 8.h3 exd5
9.exd5 Na6 10.O-O Nc7 11.Bg5 h6 12.Bh4 Rb8 13.a4 a6 14.f4 Re8 15.Kh1 Re3
16.Qd2 Qe8 17.Ng3 b5 18.axb5 axb5 19.Bxf6 Bxf6 20.Nce4 Bd4 21.Qxe3 Bxe3
22.Nf6+ Kf8 23.Nxe8 Nxe8 24.cxb5 Nc7 25.f5 g5 26.Ra7 c4 27.Rxc7 cxd3 28.f6 Kg8
29.Rd1 d2 30.Nf1 Bf4 31.Nxd2 Bf5 32.Nf3 Rxb5 33.b3 Be4 34.Re1 Bxd5 35.Nd4 Rc5
36.Rxc5 dxc5 37.Re8+ Kh7 38.Rd8 Be4 39.Ne6 Be3 40.Nf8+ Kg8 41.Re8 Bc6 42.Rxe3
Kxf8 43.Rc3 Ke8 44.Rxc5 Kd7 45.b4 {#r} 1-0

[Event "11th BPB Limburg Open"]
[Site "masterchessopen.com Maastricht NED"]
[Date "2017.06.03"]
[Round "3.6"]
[White "Janssen,Ru"]
[Black "Van Dijk,Ha"]
[Result "1-0"]
[WhiteElo "2521"]
[BlackElo "2265"]

1.d4 Nf6 2.c4 g6 3.Nc3 Bg7 4.e4 d6 5.h3 O-O 6.Bg5 Nbd7 7.Bd3 c6 8.Nge2 e5 9.d5
cxd5 10.cxd5 a6 11.O-O b5 12.b4 Nb6 13.a4 bxa4 14.Nxa4 Bd7 15.Nac3 Qc8 16.Qb3
Qb7 17.Ra3 Bb5 18.Nxb5 axb5 19.Rxa8 Nxa8 20.Rc1 Rb8 21.Qc2 Ne8 22.Qc6 Qxc6
23.dxc6 Nac7 24.Nc3 Bf8 25.Be3 Kg7 26.Ba7 Ra8 27.Bb6 Rb8 28.Bxc7 Nxc7 29.Nxb5
Na6 30.Be2 h5 31.c7 Rc8 32.Rc6 {#r} 1-0

[Event "11th BPB Limburg Open"]
[Site "masterchessopen.com Maastricht NED"]
[Date "2017.06.04"]
[Round "4.7"]
[White "Vrolijk,Liam"]
[Black "Warmerdam,Max"]
[Result "1-0"]
[WhiteElo "2401"]
[BlackElo "2356"]

1.d4 Nf6 2.c4 g6 3.Nc3 Bg7 4.e4 d6 5.Be2 O-O 6.Be3 Na6 7.Nf3 e5 8.O-O Ng4
9.Bg5 Qe8 10.Re1 exd4 11.Nxd4 Qe5 12.Nf3 Qc5 13.Bh4 Ne5 14.Rc1 Be6 15.Nd4 Nc6
16.Ndb5 Nd4 17.Bf1 Rfe8 18.Nd5 Bxd5 19.cxd5 Qb6 20.Nxd4 Bxd4 21.Bxa6 bxa6
22.b3 c5 23.dxc6 Rac8 24.Qd2 Bc5 25.Bf6 Re6 26.Bb2 f6 27.Kh1 a5 28.Qd5 Kf7
29.f4 Qxc6 30.Qc4 Bb4 31.Qd3 Qb7 32.Rxc8 Qxc8 33.Rc1 Qd7 34.a3 {#r} 1-0

[Event "11th BPB Limburg Open"]
[Site "masterchessopen.com Maastricht NED"]
[Date "2017.06.03"]
[Round "3.9"]
[White "Vrolijk,Liam"]
[Black "Van Dael,Siem"]
[Result "1-0"]
[WhiteElo "2401"]
[BlackElo "2233"]

1.d4 Nf6 2.c4 g6 3.Nc3 Bg7 4.e4 d6 5.Be2 O-O 6.Be3 c5 7.d5 e6 8.Nf3 exd5
9.cxd5 Qb6 10.Qc2 Na6 11.O-O Nb4 12.Qb1 Ng4 13.Bf4 f5 14.Nd2 fxe4 15.Nc4 Qd8
16.Bxd6 Rf7 17.Nxe4 Nxd5 18.Qd1 b5 19.Bxg4 Bxg4 20.Qxd5 bxc4 21.Ng5 Qe8
22.Rfe1 {#r} 1-0

[Event "ch-POR Rapid 2017"]
[Site "masterchessopen.com Mirandela POR"]
[Date "2017.06.03"]
[Round "3.2"]
[White "Silva,Luis"]
[Black "Fanha,P"]
[Result "1-0"]
[WhiteElo "2317"]
[BlackElo "1925"]

1.d4 Nf6 2.Nf3 g6 3.c4 Bg7 4.Nc3 O-O 5.e4 d6 6.Be2 e5 7.d5 a5 8.Bg5 Na6 9.Nd2
Qe8 10.a3 Nd7 11.b4 f6 12.Be3 f5 13.f3 f4 14.Bf2 b6 15.Rb1 axb4 16.axb4 g5
17.g4 h5 18.h3 Nf6 19.Qc2 Bd7 20.Kf1 Qg6 21.Kg2 Rfd8 22.Qb3 Be8 23.Ra1 Bd7
24.c5 bxc5 25.Rxa6 cxb4 26.Rxa8 Rxa8 27.Qxb4 Qe8 28.Rb1 Bf8 29.Bb5 hxg4
30.hxg4 Rb8 31.Bxd7 Nxd7 32.Qa4 Rxb1 33.Ndxb1 Qc8 34.Nb5 Nf6 35.Na7 Qb7 36.Qb5
Qa8 37.Qa6 Qb8 38.Qb5 Qa8 39.Nc3 Kf7 40.Qc6 Qd8 41.Ncb5 Ne8 42.Qb7 Qd7 43.Qc8
Ke7 44.Nc6+ {#r} 1-0

[Event "6th CHN w Masters 2017"]
[Site "masterchessopen.com Wuxi CHN"]
[Date "2017.05.30"]
[Round "4.2"]
[White "Shen Yang"]
[Black "Zhu,Jiner"]
[Result "0-1"]
[WhiteElo "2473"]
[BlackElo "2184"]

1.d4 Nf6 2.c4 g6 3.Nc3 Bg7 4.e4 d6 5.Be2 O-O 6.Nf3 e5 7.Be3 Ng4 8.Bg5 f6 9.Bh4
Nc6 10.d5 Ne7 11.O-O h5 12.Nd2 c5 13.a3 Nh6 14.Bg3 Nf7 15.b4 b6 16.Rb1 Bh6
17.bxc5 bxc5 18.h3 f5 19.exf5 Nxf5 20.Bh2 Nd4 21.Nde4 Ng5 22.Nxg5 Qxg5 23.Ne4
Qe7 24.Rb2 Bf5 25.Bd3 Rab8 26.Qb1 Ne2+ 27.Bxe2 Rxb2 28.Nf6+ Qxf6 29.Qxb2 Qh4
30.Rd1 Be4 31.Bg3 Qg5 32.h4 Qf5 33.Qc3 Rb8 34.Qa5 Rb3 35.f3 Bc2 36.Rf1 Qd7
37.Bf2 e4 38.fxe4 Bxe4 39.Rd1 Bf4 40.Bf1 Be5 41.Qe1 Qg4 42.Rd2 Qf4 {#R} 0-1

[Event "10th Mayors Cup Open 2017"]
[Site "masterchessopen.com Mumbai IND"]
[Date "2017.06.05"]
[Round "3.22"]
[White "Krishnater,Kushager"]
[Black "Nitin,S"]
[Result "1-0"]
[WhiteElo "1953"]
[BlackElo "2426"]

1.d4 Nf6 2.c4 g6 3.Nc3 Bg7 4.e4 d6 5.Be2 O-O 6.Nf3 Nbd7 7.O-O e5 8.Re1 exd4
9.Nxd4 Re8 10.Bf1 Nc5 11.f3 a5 12.b3 Bd7 13.Be3 Nh5 14.Qd2 f5 15.exf5 gxf5
16.Bh6 Be5 17.f4 Bf6 18.Be2 Ne4 19.Nxe4 Rxe4 20.Nxf5 Bxa1 21.Qd5+ Re6 22.Bxh5
c6 23.Qd1 Rxe1+ 24.Qxe1 Bxf5 25.Qxa1 Qe7 26.Qc3 Bg6 27.Bg4 Re8 {#r} 1-0